Les prénoms les plus attribués dans les années 1930 - Statistiques

Statistiques générales
  • Ce quiz a été pris 1 557 fois
  • Le résultat moyen est 57 sur 100
Statistiques - réponses
Hint Réponse % Correct
1 Jean
98%
2 Marie
95%
31 Paul
92%
5 Pierre
91%
23 Louis
88%
46 François
87%
8 Jacques
86%
84 Marc
86%
3 Michel
85%
4 André
83%
22 Jeanne
83%
43 Françoise
82%
15 Marcel
79%
10 René
79%
14 Bernard
78%
67 Charles
78%
6 Claude
78%
21 Henri
78%
79 Louise
78%
45 Anne
77%
16 Georges
75%
9 Jacqueline
74%
13 Robert
74%
35 Andrée
72%
47 Yves
72%
42 Daniel
71%
49 Lucien
71%
40 Renée
71%
24 Paulette
70%
17 Yvette
69%
53 Albert
67%
64 Christian
66%
96 Léon
66%
20 Maurice
66%
11 Roger
66%
85 Antoine
65%
25 Joseph
65%
50 Marcelle
65%
7 Monique
64%
29 Raymond
64%
76 Alain
62%
26 Gérard
62%
81 Henriette
62%
61 Lucienne
62%
18 Denise
61%
88 Michèle
61%
63 Georgette
60%
27 Simone
60%
100 Annie
59%
83 Claudine
59%
65 Michelle
59%
32 Nicole
58%
38 Thérèse
58%
62 Bernadette
57%
28 Christiane
57%
19 Guy
57%
48 Yvonne
56%
60 Hélène
55%
34 Madeleine
55%
58 Marguerite
55%
52 Raymonde
55%
77 Fernand
52%
30 Colette
51%
39 Suzanne
51%
73 Emile
50%
12 Jeannine
50%
69 Pierrette
49%
37 Odette
48%
74 Francis
47%
72 Germaine
47%
36 Josette
46%
56 Serge
46%
44 Micheline
45%
92 Gabriel
44%
41 Gilbert
44%
33 Ginette
41%
86 Josiane
39%
82 Mauricette
39%
54 Geneviève
38%
90 Alice
37%
51 Gisèle
36%
55 Huguette
36%
91 Claudette
35%
98 Marthe
35%
87 Mireille
34%
57 Roland
34%
95 Francine
33%
71 Lucette
32%
97 Odile
30%
89 Simonne
30%
99 Hubert
28%
66 Eliane
27%
59 Liliane
27%
75 Solange
27%
93 Gilberte
26%
78 Jeanine
24%
80 Irène
22%
70 Janine
18%
94 Marie-Thérèse
17%
68 Arlette
15%
Aucun quiz correspondant
Distribution des résultats
% des personnes avec chaque résultat
Percentile par nombre de réponses
Votre historique - résultats
Vous n’avez pas pris ce quiz